[Event "Gibraltar Challengers B"]
[Site "Gibraltar"]
[Date "2019.01.30"]
[Round "5.12"]
[White "Saber, Yasser"]
[Black "Hamer, Martyn"]
[Result "0-1"]
[WhiteElo "2201"]
[BlackElo "2046"]
[PlyCount "62"]
[EventDate "2019.01.26"]
[EventType "swiss"]
[EventRounds "5"]
[EventCountry "GGB"]

1. d4 Nc6 2. Nf3 d5 3. Bf4 Bg4 4. e3 e6 5. Be2 Bd6 6. O-O Bxf4 7. exf4 Qf6 8.
g3 Bxf3 9. Bxf3 Qxd4 10. Qc1 Nf6 11. c4 Qc5 12. cxd5 Qxc1 13. Rxc1 Nd4 14. Bd1
Nxd5 15. Rc4 Nf5 16. Nc3 Nxc3 17. bxc3 O-O-O 18. Bf3 Rd6 19. a4 a5 20. Re1 Rhd8
21. Kg2 Rd2 22. Bg4 g6 23. Kf1 Rb2 24. Re2 Rd1+ 25. Kg2 Rdd2 26. Rxd2 Rxd2 27.
Bxf5 gxf5 28. Kf3 b6 29. Ke3 Rc2 30. Kd3 Rxf2 31. Rd4 c5 0-1

[Event "Gibraltar Challengers B"]
[Site "Gibraltar"]
[Date "2019.01.30"]
[Round "5.13"]
[White "Osuna Vega, Enrique"]
[Black "Pavlov, Egor"]
[Result "1-0"]
[WhiteElo "2116"]
[BlackElo "2187"]
[PlyCount "143"]
[EventDate "2019.01.26"]
[EventType "swiss"]
[EventRounds "5"]
[EventCountry "GGB"]

1. d4 Nf6 2. Nf3 g6 3. c4 Bg7 4. Nc3 O-O 5. e4 d6 6. Be2 e5 7. dxe5 dxe5 8.
Qxd8 Rxd8 9. Bg5 Re8 10. O-O-O Bg4 11. Nd5 Nxd5 12. cxd5 c6 13. Ng1 Bd7 14. Bc4
b5 15. dxc6 Bxc6 16. Bd5 a5 17. Ne2 b4 18. Kb1 a4 19. Rd2 Bxd5 20. Rxd5 Nc6 21.
Be3 Nd4 22. Re1 Red8 23. Rxd8+ Rxd8 24. Rd1 Rc8 25. Bxd4 exd4 26. Rd3 Re8 27.
f3 f5 28. Ng3 fxe4 29. Nxe4 Rc8 30. g3 Bh6 31. f4 Bg7 32. Ng5 Re8 33. Nf3 Re2
34. Rd2 d3 35. Kc1 Re3 36. Ne5 Bxe5 37. fxe5 Kf7 38. Rf2+ Ke6 39. Kd2 Rxe5 40.
Kxd3 a3 41. bxa3 bxa3 42. Kc4 Re3 43. Kd4 Re1 44. h4 Rd1+ 45. Kc4 Ke5 46. Rf3
h6 47. Rxa3 g5 48. hxg5 hxg5 49. Ra5+ Kf6 50. Rd5 Ra1 51. Kb3 Rb1+ 52. Kc2 Rg1
53. Rd3 Ke5 54. a4 Ra1 55. Kb3 Ke4 56. Rc3 Kd4 57. Rc4+ Kd3 58. Rc3+ Kd4 59.
Rc2 Rg1 60. Rc4+ Kd3 61. Rc3+ Kd4 62. Kb4 Rb1+ 63. Rb3 Ra1 64. a5 g4 65. Kb5
Ke4 66. Kb6 Rf1 67. a6 Rf3 68. Rxf3 Kxf3 69. a7 Kxg3 70. a8=Q Kf2 71. Qf8+ Kg2
72. Kc5 1-0

[Event "Gibraltar Challengers B"]
[Site "Gibraltar"]
[Date "2019.01.30"]
[Round "5.14"]
[White "Bengherabi, Khalil"]
[Black "Hng, Mei-Xian Eunice"]
[Result "0-1"]
[WhiteElo "2150"]
[BlackElo "1718"]
[PlyCount "66"]
[EventDate "2019.01.26"]
[EventType "swiss"]
[EventRounds "5"]
[EventCountry "GGB"]

1. e4 c5 2. Nc3 e6 3. d3 Nc6 4. Nf3 d6 5. g3 Nf6 6. Bg2 Be7 7. O-O O-O 8. Bg5
h6 9. Be3 d5 10. exd5 exd5 11. Bf4 Be6 12. Re1 Qd7 13. Ne5 Nxe5 14. Bxe5 Rad8
15. Qd2 Ng4 16. Qe2 Nxe5 17. Qxe5 Bf6 18. Qe2 Rfe8 19. Qf3 b5 20. Qd1 b4 21.
Ne2 Bxb2 22. Rb1 Bf6 23. Qd2 Bf5 24. c3 a5 25. cxb4 axb4 26. Rbc1 Bg5 27. f4
Bf6 28. Kh1 Qb5 29. d4 Bg4 30. Rc2 Rxe2 31. Rxe2 Qxe2 32. Qxe2 Bxe2 33. Rxe2
Bxd4 0-1

[Event "Gibraltar Challengers B"]
[Site "Gibraltar"]
[Date "2019.01.30"]
[Round "5.16"]
[White "Verneuil, Pascal"]
[Black "Garcia Rodriguez, Inaki"]
[Result "1-0"]
[WhiteElo "2114"]
[BlackElo "1931"]
[PlyCount "91"]
[EventDate "2019.01.26"]
[EventType "swiss"]
[EventRounds "5"]
[EventCountry "GGB"]

1. e4 e5 2. Nf3 Nf6 3. Nxe5 Nc6 4. Nxc6 dxc6 5. Nc3 Bc5 6. Be2 h5 7. d4 Bxd4 8.
Qd3 Be6 9. Be3 Bxe3 10. Qxe3 Nd7 11. O-O-O Qe7 12. Kb1 Qc5 13. Rd4 Qa5 14. f4
f6 15. Rhd1 c5 16. Ra4 Qb6 17. Qg3 O-O-O 18. f5 Bf7 19. Qxg7 Ne5 20. Rxd8+ Rxd8
21. Qh6 c4 22. Qc1 Qc5 23. Ra3 b5 24. Nd5 Bxd5 25. exd5 b4 26. Ra6 Qf2 27. Bxh5
Qxf5 28. Qd1 Rd6 29. Rxd6 cxd6 30. h3 Qf2 31. Bf3 Kc7 32. a3 bxa3 33. bxa3 Qc5
34. Ka2 c3 35. Be2 Qf2 36. g4 Qb6 37. Qb1 Qe3 38. Ba6 Nd7 39. Qb7+ Kd8 40. Qc8+
Ke7 41. Bb5 Qd2 42. Qxd7+ Kf8 43. Qxd6+ Kg7 44. Qc7+ Kg6 45. Bd3+ Kg5 46. d6
1-0

[Event "Gibraltar Challengers B"]
[Site "Gibraltar"]
[Date "2019.01.30"]
[Round "5.17"]
[White "Bottema, Martin"]
[Black "Maldonado Mena, German"]
[Result "0-1"]
[WhiteElo "2104"]
[BlackElo "1808"]
[PlyCount "64"]
[EventDate "2019.01.26"]
[EventType "swiss"]
[EventRounds "5"]
[EventCountry "GGB"]

1. d4 Nf6 2. c4 g6 3. Nc3 Bg7 4. e4 d6 5. Be2 O-O 6. Be3 e5 7. d5 Nbd7 8. g4
Nc5 9. f3 a5 10. h4 h5 11. g5 Ne8 12. Qd2 Bd7 13. O-O-O b6 14. Kb1 Na4 15. Nxa4
Bxa4 16. Rc1 Bd7 17. Nh3 c6 18. dxc6 Bxc6 19. Nf2 Rb8 20. Rc3 Qe7 21. Nd1 Nc7
22. Rb3 Ne6 23. Rxb6 Rxb6 24. Bxb6 Qb7 25. Bxa5 Bxe4+ 26. Ka1 Bxf3 27. Rf1 Bxe2
28. Qxe2 Nd4 29. Qf2 Qa6 30. Bc3 Qxc4 31. Ne3 Qd3 32. Rd1 Nb3+ 0-1

[Event "Gibraltar Challengers B"]
[Site "Gibraltar"]
[Date "2019.01.30"]
[Round "5.18"]
[White "Spacapan, Simon"]
[Black "Gostelow, David W"]
[Result "1/2-1/2"]
[WhiteElo "2061"]
[BlackElo "1850"]
[PlyCount "101"]
[EventDate "2019.01.26"]
[EventType "swiss"]
[EventRounds "5"]
[EventCountry "GGB"]

1. e4 c5 2. Nf3 Nc6 3. d4 cxd4 4. Nxd4 e5 5. Nb5 a6 6. Nd6+ Bxd6 7. Qxd6 Qf6 8.
Qd1 Qg6 9. Nc3 Nge7 10. Be3 d5 11. Nxd5 Nxd5 12. Qxd5 O-O 13. f3 Rd8 14. Qc5 b6
15. Qa3 Nd4 16. Bxd4 Rxd4 17. Qe3 Bb7 18. Kf2 Rad8 19. Bd3 Qh5 20. g4 Qh4+ 21.
Kg2 h5 22. h3 Qe7 23. Rhd1 Bc6 24. c3 R4d6 25. Bc2 Bb5 26. Rxd6 Rxd6 27. Rd1
hxg4 28. hxg4 Rh6 29. Qd2 Kh7 30. Qd8 Qc5 31. Qd2 Qe7 32. Rh1 Bf1+ 33. Rxf1 Qh4
34. Qxh6+ gxh6 35. Rd1 h5 36. gxh5 Qg5+ 37. Kf2 Qxh5 38. Rg1 Qh4+ 39. Rg3 Qf4
40. Rh3+ Kg7 41. Rg3+ Kf8 42. Rg2 Qc1 43. Kg3 Qxb2 44. Bd3 Qxc3 45. Bxa6 Qe3
46. Bc4 Qe1+ 47. Kg4 Ke7 48. Bd5 f6 49. Kf5 Qh1 50. Rg7+ Kd6 51. Kxf6 1/2-1/2

[Event "Gibraltar Challengers B"]
[Site "Gibraltar"]
[Date "2019.01.30"]
[Round "5.19"]
[White "Hassomal Daswani, Birjkumar"]
[Black "Ungureanu, Sandu"]
[Result "0-1"]
[WhiteElo "2008"]
[BlackElo "2057"]
[PlyCount "68"]
[EventDate "2019.01.26"]
[EventType "swiss"]
[EventRounds "5"]
[EventCountry "GGB"]

1. e4 d6 2. d4 Nc6 3. Nf3 e5 4. c3 exd4 5. cxd4 Nf6 6. Nc3 d5 7. e5 Ne4 8. Bb5
Nxc3 9. bxc3 Be7 10. O-O O-O 11. h3 Bf5 12. a4 Na5 13. Re1 c6 14. Bf1 a6 15.
Ba3 Bxa3 16. Rxa3 b5 17. axb5 axb5 18. Qa1 Nc4 19. Bxc4 dxc4 20. Qa2 Rxa3 21.
Qxa3 Qd5 22. Nh4 Bd3 23. g3 Be4 24. Qc1 h6 25. Qe3 Bh7 26. Ng2 Ra8 27. Nf4 Qd7
28. e6 fxe6 29. Qxe6+ Qxe6 30. Rxe6 Ra1+ 31. Kg2 b4 32. cxb4 c3 33. Kf3 c2 34.
Ne2 Bd3 0-1

[Event "Gibraltar Challengers B"]
[Site "Gibraltar"]
[Date "2019.01.30"]
[Round "5.20"]
[White "Cao Armillas, Jesus"]
[Black "Sidali, Elias Hulleberg"]
[Result "1/2-1/2"]
[WhiteElo "2048"]
[BlackElo "1783"]
[PlyCount "72"]
[EventDate "2019.01.26"]
[EventType "swiss"]
[EventRounds "5"]
[EventCountry "GGB"]

1. d4 Nf6 2. c4 e6 3. Nc3 Bb4 4. e3 c5 5. Bd3 Nc6 6. Nge2 cxd4 7. exd4 d5 8.
O-O O-O 9. c5 b6 10. Qa4 Bd7 11. Bb5 Bxc3 12. Nxc3 Qc7 13. g3 bxc5 14. Bf4 Qb6
15. dxc5 Qxc5 16. Rac1 a6 17. Bxc6 Bxc6 18. Qc2 Rac8 19. Ne4 Nxe4 20. Qxc5 Nxc5
21. Rxc5 Bb5 22. Rfc1 Bd7 23. Bc7 f6 24. f4 Rfe8 25. a3 d4 26. b4 d3 27. Rd1
Bb5 28. a4 Bxa4 29. Rxd3 Bb5 30. Rdc3 Kf7 31. Kf2 Bd7 32. Ke3 Bb5 33. Ke4 Bd7
34. Ke3 Bb5 35. Ke4 Rh8 36. Ke3 Rhe8 1/2-1/2

[Event "Gibraltar Challengers B"]
[Site "Gibraltar"]
[Date "2019.01.30"]
[Round "5.21"]
[White "Cano Sevilla, Ivan"]
[Black "Kakulidis, Ellen"]
[Result "1-0"]
[WhiteElo "1950"]
[BlackElo "2021"]
[PlyCount "135"]
[EventDate "2019.01.26"]
[EventType "swiss"]
[EventRounds "5"]
[EventCountry "GGB"]

1. Nf3 Nf6 2. e3 e6 3. c4 d5 4. Nc3 Be7 5. Qc2 O-O 6. b3 b6 7. Bb2 Bb7 8. d4
Ne4 9. Bd3 f5 10. Ne5 c5 11. cxd5 exd5 12. O-O Nc6 13. Nxd5 Bg5 14. Nxc6 Bxc6
15. Nb4 Bb7 16. Bc4+ Kh8 17. dxc5 Nxc5 18. Rad1 Qe8 19. Bd5 Bxd5 20. Rxd5 Ne4
21. Qc6 Qxc6 22. Nxc6 Rac8 23. Nd4 Rc5 24. Rxc5 Nxc5 25. b4 Na4 26. Ne6 Rc8 27.
Bxg7+ Kg8 28. Bd4 Be7 29. a3 a5 30. bxa5 bxa5 31. g3 Bxa3 32. Kg2 Bb4 33. Nf4
Rc2 34. Nd5 Nc3 35. Bxc3 Bxc3 36. Nxc3 Rxc3 37. Ra1 Rc5 38. Ra4 Kf7 39. Kf3 Ke6
40. g4 fxg4+ 41. Kxg4 Rb5 42. f4 h5+ 43. Kf3 Kf6 44. Rd4 Kg6 45. Ke4 Kf6 46.
Rd6+ Ke7 47. Rd5 Rb4+ 48. Ke5 a4 49. Ra5 h4 50. e4 h3 51. Ra7+ Kf8 52. Kf5 Rb2
53. Rxa4 Rxh2 54. Kf6 Ke8 55. e5 Re2 56. f5 h2 57. Rh4 Kd8 58. e6 Kc7 59. Ke7
Kc6 60. Rh5 Kd5 61. Kf6 Kd6 62. Rh4 Kc7 63. Ke7 Kc6 64. Rh8 Kd5 65. Rh5 Re5 66.
Kf6 Re2 67. e7 Kd6 68. Rxh2 1-0

[Event "Gibraltar Challengers B"]
[Site "Gibraltar"]
[Date "2019.01.30"]
[Round "5.22"]
[White "Schouten, Freek"]
[Black "Bryn, Askild"]
[Result "1-0"]
[WhiteElo "2087"]
[BlackElo "2010"]
[PlyCount "51"]
[EventDate "2019.01.26"]
[EventType "swiss"]
[EventRounds "5"]
[EventCountry "GGB"]

1. d4 d5 2. Nf3 Nf6 3. c4 e6 4. g3 c6 5. Qc2 Ne4 6. Bg2 f5 7. Bf4 Be7 8. Nbd2
O-O 9. O-O Nd7 10. Ne5 Bf6 11. Ndf3 Ng5 12. Rac1 Nxf3+ 13. Nxf3 g5 14. Bd6 Be7
15. Bxe7 Qxe7 16. e3 g4 17. Ne1 h5 18. Nd3 Rf6 19. Nf4 Rh6 20. cxd5 cxd5 21.
Qc7 Kf7 22. Nd3 Ke8 23. Qf4 Rg6 24. Rc7 Qg5 25. Rfc1 Kd8 26. Qd6 1-0

[Event "Gibraltar Challengers B"]
[Site "Gibraltar"]
[Date "2019.01.30"]
[Round "5.23"]
[White "Probst, Alexander"]
[Black "Alami, Halim"]
[Result "1-0"]
[WhiteElo "1976"]
[BlackElo "2059"]
[PlyCount "79"]
[EventDate "2019.01.26"]
[EventType "swiss"]
[EventRounds "5"]
[EventCountry "GGB"]

1. e4 e5 2. Nf3 Nf6 3. Nc3 Bb4 4. Bc4 d6 5. h3 O-O 6. d3 c6 7. O-O d5 8. exd5
cxd5 9. Bb3 Bxc3 10. bxc3 Qc7 11. Bg5 Be6 12. Re1 Nfd7 13. Qd2 Nc6 14. d4 f6
15. Bf4 exf4 16. Rxe6 Nb6 17. Rae1 Kf7 18. Qd3 g6 19. c4 Ne5 20. dxe5 Kxe6 21.
cxd5+ Kd7 22. e6+ Ke7 23. c4 Rac8 24. Re4 Qd6 25. Nd4 a6 26. Ne2 g5 27. Nd4 f5
28. Re2 f3 29. Nxf3 Qf4 30. g3 Qc1+ 31. Kg2 Qa3 32. Nxg5 Nxc4 33. Qd4 Rg8 34.
Nf7 Nd6 35. Qh4+ Ke8 36. Qxh7 Rf8 37. Ne5 Rf6 38. Nd7 Ne4 39. Nxf6+ Nxf6 40.
Qf7+ 1-0

[Event "Gibraltar Challengers B"]
[Site "Gibraltar"]
[Date "2019.01.30"]
[Round "5.24"]
[White "Kukic, Boris"]
[Black "Gillis Onieva, Celia"]
[Result "1-0"]
[WhiteElo "2035"]
[BlackElo "1930"]
[PlyCount "129"]
[EventDate "2019.01.26"]
[EventType "swiss"]
[EventRounds "5"]
[EventCountry "GGB"]

1. e4 e6 2. Nf3 d5 3. e5 c5 4. c3 Nc6 5. Bb5 Bd7 6. Ba4 d4 7. d3 Nge7 8. Bg5
Qc7 9. O-O h6 10. Bf4 g5 11. Bg3 Bg7 12. Na3 O-O 13. cxd4 Nxd4 14. Nxd4 cxd4
15. Rc1 Bxa4 16. Qxa4 Qd8 17. f4 Nf5 18. Nc4 Nxg3 19. hxg3 f6 20. exf6 Bxf6 21.
Qb5 Qe7 22. Rce1 Rac8 23. Qa4 Rc6 24. Qb3 Kh8 25. Ne5 Bxe5 26. Rxe5 Rf5 27. Re4
b6 28. Qa4 Rd6 29. Rfe1 Ra5 30. Qb3 Rad5 31. Qd1 Qf6 32. Qg4 Rf5 33. Qh5 gxf4
34. Qe8+ Qf8 35. Qxf8+ Rxf8 36. gxf4 Rf6 37. Kf2 e5 38. g3 exf4 39. gxf4 Kg7
40. Kf3 Kg6 41. Re7 Rf7 42. R7e5 Rf5 43. Rg1+ Kf6 44. Ke4 Re6 45. Rg6+ Kxg6 46.
Rxe6+ Rf6 47. Re8 h5 48. Rh8 Rf7 49. Rg8+ Kf6 50. Kxd4 Kf5 51. Rg5+ Kxf4 52.
Rxh5 Rd7+ 53. Kc4 Ke3 54. Rh3+ Kf4 55. b4 Rd6 56. a4 a5 57. bxa5 bxa5 58. Rh8
Ke3 59. Re8+ Kd2 60. d4 Kc2 61. Re2+ Kd1 62. Rh2 Kc1 63. d5 Rb6 64. Kc5 Rb4 65.
d6 1-0

[Event "Gibraltar Challengers B"]
[Site "Gibraltar"]
[Date "2019.01.30"]
[Round "5.25"]
[White "Diaz Mino, Daniel"]
[Black "Cramling Bellon, Anna"]
[Result "1/2-1/2"]
[WhiteElo "1769"]
[BlackElo "2025"]
[PlyCount "95"]
[EventDate "2019.01.26"]
[EventType "swiss"]
[EventRounds "5"]
[EventCountry "GGB"]

1. e4 c5 2. d4 cxd4 3. c3 Nf6 4. e5 Nd5 5. cxd4 e6 6. Nf3 d6 7. g3 Nc6 8. Bg2
Be7 9. O-O O-O 10. b3 Qc7 11. Bb2 Rd8 12. Qe2 dxe5 13. dxe5 Ndb4 14. Rd1 b6 15.
Nbd2 Ba6 16. Qe4 Bd3 17. Qf4 Be2 18. Rdc1 Qd7 19. Qe3 Bxf3 20. Nxf3 Rac8 21.
Qe2 Qd3 22. Bf1 Bc5 23. Qxd3 Nxd3 24. Bxd3 Rxd3 25. Kg2 h6 26. Rd1 Rcd8 27.
Rxd3 Rxd3 28. Rc1 a5 29. Bc3 Nb4 30. Bxb4 axb4 31. Rc2 Kf8 32. Rd2 Rxd2 33.
Nxd2 Ke7 34. f4 f6 35. Kf3 f5 36. Ke2 Kd7 37. Nf3 Kc6 38. Kd3 Kd5 39. Ne1 h5
40. Nf3 Bf2 41. Nd2 b5 42. Nf3 Bb6 43. Nd2 Bd8 44. Nf3 Bb6 45. Ne1 Bg1 46. Nf3
Bf2 47. Ke2 Bc5 48. Kd3 1/2-1/2

[Event "Gibraltar Challengers B"]
[Site "Gibraltar"]
[Date "2019.01.30"]
[Round "5.27"]
[White "Pereira Lopez, Aketza"]
[Black "Suez-Panama, Gilles"]
[Result "1-0"]
[WhiteElo "1861"]
[BlackElo "2078"]
[PlyCount "55"]
[EventDate "2019.01.26"]
[EventType "swiss"]
[EventRounds "5"]
[EventCountry "GGB"]

1. e4 e6 2. Nf3 d5 3. e5 c5 4. b4 cxb4 5. a3 Nc6 6. axb4 Bxb4 7. c3 Be7 8. d4
Bd7 9. Bd3 f5 10. O-O Nh6 11. Ne1 O-O 12. Bxh6 gxh6 13. g4 fxg4 14. Qxg4+ Kh8
15. Qh3 Bg5 16. Ng2 Rg8 17. f4 Be7 18. Qxh6 Rg7 19. Kh1 Qg8 20. Qh3 Qf7 21. Nd2
Rag8 22. Ne3 Bd8 23. f5 exf5 24. Bxf5 Bxf5 25. Nxf5 Qe6 26. Nb3 b6 27. Qe3 Bg5
28. Nxg7 1-0

[Event "Gibraltar Challengers B"]
[Site "Gibraltar"]
[Date "2019.01.30"]
[Round "5.32"]
[White "Vinal Gutierrez, Pedro"]
[Black "Dasaolu, Rotimi"]
[Result "1/2-1/2"]
[WhiteElo "1997"]
[BlackElo "2038"]
[PlyCount "46"]
[EventDate "2019.01.26"]
[EventType "swiss"]
[EventRounds "5"]
[EventCountry "GGB"]

1. d4 Nf6 2. Bf4 d6 3. e3 Nbd7 4. Nf3 Nh5 5. Bg5 h6 6. Bh4 g5 7. Nfd2 Ndf6 8.
Bg3 Bg7 9. Bc4 Nxg3 10. hxg3 c6 11. c3 Qc7 12. Bd3 e5 13. Na3 O-O 14. dxe5 dxe5
15. e4 Rd8 16. Qe2 b5 17. Nb3 a5 18. Rd1 Bg4 19. f3 Be6 20. O-O Nd7 21. Qf2 Bf8
22. Kh2 a4 23. Nc1 Bc5 1/2-1/2